[Event "Reykjavik Open 2018"]
[Site "Reykjavik ISL"]
[Date "2018.03.06"]
[Round "1.1"]
[White "Rapport, Richard"]
[Black "Der Manuelian, Haik"]
[Result "1-0"]
[WhiteTitle "GM"]
[WhiteElo "2715"]
[BlackElo "2279"]
[WhiteFideId "738590"]
[BlackFideId "2084015"]
[EventDate "2018.03.06"]

1. d4 d5 2. c4 e6 3. Nc3 Be7 4. cxd5 exd5 5. Bf4 c6 6. Qc2 Nf6 7. Nf3 g6 8. e3
Bf5 9. Bd3 Bxd3 10. Qxd3 Nbd7 11. O-O-O O-O 12. h4 b5 13. h5 Nxh5 14. Rxh5 gxh5
15. Qf5 f6 16. Nh4 Rf7 17. Qxh5 b4 18. Nf5 Bf8 19. Ne2 Qa5 20. Kb1 b3 21. axb3
Qb5 22. Kc2 a5 23. Nc3 Qb7 24. g4 c5 25. g5 fxg5 26. Qxg5+ Kh8 27. Rg1 Bg7 28.
Nd6 1-0

[Event "Reykjavik Open 2018"]
[Site "Reykjavik ISL"]
[Date "2018.03.06"]
[Round "1.2"]
[White "Kumar, Nikhil"]
[Black "Eljanov, Pavel"]
[Result "0-1"]
[WhiteTitle "FM"]
[BlackTitle "GM"]
[WhiteElo "2277"]
[BlackElo "2713"]
[WhiteFideId "30909040"]
[BlackFideId "14102951"]
[EventDate "2018.03.06"]

1. d4 Nf6 2. c4 e6 3. g3 d5 4. Nf3 Bb4+ 5. Bd2 Bd6 6. Bg2 c6 7. Nc3 O-O 8. O-O
Bc7 9. b3 Ne4 10. Nxe4 dxe4 11. Ne1 f5 12. Nc2 Nd7 13. Qc1 e5 14. Rd1 Qe8 15.
Bc3 Qh5 16. Qd2 f4 17. Bxe4 Nf6 18. Bf3 Ng4 19. Bxg4 Bxg4 20. dxe5 fxg3 21. fxg3
Rf2 22. h4 Rxe2 23. Qc1 Qf5 0-1

[Event "Reykjavik Open 2018"]
[Site "Reykjavik ISL"]
[Date "2018.03.06"]
[Round "1.4"]
[White "Soham, Das"]
[Black "Adhiban, Baskaran"]
[Result "1/2-1/2"]
[BlackTitle "GM"]
[WhiteElo "2275"]
[BlackElo "2650"]
[WhiteFideId "35026763"]
[BlackFideId "5018471"]
[EventDate "2018.03.06"]

1. e4 c5 2. Nf3 e6 3. d4 cxd4 4. Nxd4 Nc6 5. Nc3 Qc7 6. Be3 a6 7. Qd2 Nf6 8.
O-O-O Bb4 9. f3 O-O 10. Kb1 d5 11. exd5 Bxc3 12. Qxc3 Nxd5 13. Qe1 Nxe3 14. Qxe3
Rd8 15. Be2 Nb4 16. Qa3 Nd5 17. Nb5 Qb6 18. c4 axb5 19. Qxa8 bxc4 20. Qa3 Qc7
21. Qa4 c3 22. Qc4 Qb6 23. Qb3 Qxb3 24. axb3 c2+ 25. Kxc2 Ne3+ 26. Kc3 Nxd1+ 27.
Rxd1 Rxd1 28. Bxd1 b6 29. Be2 Kf8 30. f4 Ke7 31. Kd4 Kd6 32. b4 f6 33. Bc4 h6
34. h4 Bb7 35. g3 Bc8 36. Ke4 Bb7+ 37. Kd4 Bf3 38. Bd3 Bd5 39. Be2 Bb3 40. Bf3
e5+ 41. fxe5+ fxe5+ 42. Ke3 Bc2 43. Bg2 Ke6 44. Kd2 Bb1 45. Ke3 Ba2 46. Be4 Bd5
47. Bc2 Kf6 48. Bd3 Be6 49. Be4 Bf5 50. Bc6 Bb1 51. Bd7 g5 52. Bg4 Kg6 53. Kf2
Bf5 54. Be2 Bc8 55. Ke3 gxh4 56. gxh4 Kf5 57. Bf3 Ba6 58. Bd1 Bb7 59. Bh5 Bh1
60. Be2 Bg2 61. Bd1 e4 62. Be2 Bh3 63. Bh5 Bg4 64. Be8 Bf3 65. Bd7+ Kg6 66. Be8+
Kf5 67. Bd7+ Ke5 68. Bc6 Bg2 69. Bb7 Bh1 70. Bc6 Bf3 71. Bb7 Kf5 72. Bc8+ Kg6
73. Kf4 Bd1 74. Bd7 Kh5 75. Kg3 Kg6 76. Kf4 Kh5 77. Kg3 Kg6 78. Kf4 1/2-1/2

[Event "Reykjavik Open 2018"]
[Site "Reykjavik ISL"]
[Date "2018.03.06"]
[Round "1.5"]
[White "Adly, Ahmed"]
[Black "Navalgund, Niranjan"]
[Result "1-0"]
[WhiteTitle "GM"]
[WhiteElo "2643"]
[BlackElo "2275"]
[WhiteFideId "10601619"]
[BlackFideId "5030854"]
[EventDate "2018.03.06"]

1. Nf3 Nf6 2. g3 d5 3. Bg2 c6 4. O-O Bg4 5. b3 Nbd7 6. Bb2 e6 7. d3 Bd6 8. e4
O-O 9. h3 Bxf3 10. Qxf3 e5 11. Nc3 dxe4 12. dxe4 Qe7 13. a4 a5 14. Nd1 Nc5 15.
Qe2 g6 16. Ne3 Ncd7 17. Nc4 Bc5 18. Rfd1 Nh5 19. Rd3 f6 20. Rad1 Nb8 21. Kh1 b6
22. R1d2 b5 23. axb5 cxb5 24. Nd6 b4 25. Nf5 Qc7 26. Rd5 Bb6 27. Bf1 Kh8 28. Qf3
Bc5 29. Bb5 Qb6 30. Ba4 Ra7 31. Nd6 Bxd6 32. Rxd6 Qc5 33. R2d5 Qc8 34. Kg2 Raf7
35. Qd3 Qc7 36. Qd1 Rc8 37. Bc1 Ng7 38. Bh6 Rg8 39. Bb5 Ne8 40. Rd8 Re7 41. Qf3
f5 42. exf5 e4 43. Qd1 1-0

[Event "Reykjavik Open 2018"]
[Site "Reykjavik ISL"]
[Date "2018.03.06"]
[Round "1.6"]
[White "Mohota, Nisha"]
[Black "L'Ami, Erwin"]
[Result "0-1"]
[WhiteTitle "IM"]
[BlackTitle "GM"]
[WhiteElo "2272"]
[BlackElo "2634"]
[WhiteFideId "5004330"]
[BlackFideId "1007998"]
[EventDate "2018.03.06"]

1. e4 e5 2. Nf3 Nc6 3. Bc4 Nf6 4. d3 h6 5. O-O d6 6. c3 g5 7. Bb3 Bg7 8. Nbd2
O-O 9. Nc4 Ne7 10. Bc2 Ng6 11. h3 Be6 12. Ne3 Qc8 13. Nh2 Nf4 14. Nhg4 Nh7 15.
Re1 h5 16. Nh2 c5 17. Nd5 Bxd5 18. exd5 f5 19. Bxf4 gxf4 20. Qxh5 Rf6 21. Qe2
Kh8 22. Nf3 Qd7 23. g3 Rg8 24. Kh2 fxg3+ 25. fxg3 Rh6 26. Rg1 Bf6 27. Qf1 Bd8
28. Re1 Nf6 29. c4 Qh7 30. Rh1 f4 31. h4 Rxg3 32. Rg1 Rxh4+ 0-1

[Event "Reykjavik Open 2018"]
[Site "Reykjavik ISL"]
[Date "2018.03.06"]
[Round "1.7"]
[White "Gledura, Benjamin"]
[Black "Kucuksari, Kaan"]
[Result "1-0"]
[WhiteTitle "GM"]
[BlackTitle "FM"]
[WhiteElo "2632"]
[BlackElo "2271"]
[WhiteFideId "712779"]
[BlackFideId "6380166"]
[EventDate "2018.03.06"]

1. Nf3 Nf6 2. c4 b6 3. g3 e6 4. Bg2 Bb7 5. O-O Be7 6. Nc3 O-O 7. Re1 d5 8. cxd5
exd5 9. d4 Nbd7 10. Bf4 c5 11. Rc1 Ne4 12. dxc5 Nxc3 13. Rxc3 bxc5 14. Qb3 Qb6
15. Qc2 Nf6 16. Nd2 h6 17. e4 Nxe4 18. Rb3 Qa6 19. Nxe4 dxe4 20. Rxb7 Qxb7 21.
Bxe4 Qd7 22. Bxa8 Rxa8 23. Qe4 Re8 24. b3 Qd8 25. h4 Qb6 26. h5 Qa6 27. Qd5 Rd8
28. Qc4 Qxc4 29. bxc4 Bf6 30. Be3 Bd4 31. Rd1 Rd6 32. Kg2 Ra6 33. Bxd4 cxd4 34.
Rxd4 Rxa2 35. Rd8+ Kh7 36. Rd7 Kg8 37. Rd8+ Kh7 38. Rf8 f6 39. Kf3 Ra5 40. Ke4
Rxh5 41. Kd4 Rf5 42. f4 h5 43. c5 h4 44. gxh4 Rxf4+ 45. Kd5 Rf1 46. c6 Rd1+ 47.
Ke6 Rc1 48. Kd7 Rd1+ 49. Kc8 Kg6 50. c7 Kh5 51. Rd8 Rc1 52. Kd7 Kxh4 53. c8=Q
Rxc8 54. Rxc8 f5 55. Ke6 Kg4 56. Ke5 g5 57. Rc3 a5 58. Ra3 f4 59. Ke4 a4 60.
Rxa4 Kg3 61. Ra2 g4 62. Rb2 f3 63. Ke3 Kh3 64. Kf4 1-0

[Event "Reykjavik Open 2018"]
[Site "Reykjavik ISL"]
[Date "2018.03.06"]
[Round "1.8"]
[White "Pantzar, Milton"]
[Black "Cornette, Matthieu"]
[Result "0-1"]
[WhiteTitle "FM"]
[BlackTitle "GM"]
[WhiteElo "2263"]
[BlackElo "2620"]
[WhiteFideId "1721003"]
[BlackFideId "620084"]
[EventDate "2018.03.06"]

1. d4 Nf6 2. c4 b6 3. Nc3 Bb7 4. Nf3 e6 5. a3 Ne4 6. Qc2 Nxc3 7. Qxc3 Be7 8. g3
Bf6 9. Bg2 c5 10. Be3 Nc6 11. O-O g5 12. Qd2 g4 13. Ne5 cxd4 14. Bf4 h5 15. b4
Rc8 16. c5 Nxe5 17. Bxb7 Rc7 18. Bg2 bxc5 19. bxc5 Rxc5 20. Rac1 Qe7 21. Kh1 Nc4
22. Qb4 d5 23. Qb8+ Qd8 24. Qxa7 Ra5 25. Qb7 O-O 26. Rxc4 dxc4 27. Bc7 Qa8 28.
Bxa5 Qxa5 29. Rb1 Qxa3 30. Be4 Bg7 31. Qc6 Qa2 32. Kg2 Qxe2 33. Rb5 e5 34. Bd5
c3 35. Rb7 c2 36. Rxf7 Rxf7 37. Qe8+ Kh7 38. Qxf7 c1=Q 39. Qg8+ Kh6 40. Qe6+ Kg5 0-1

[Event "Reykjavik Open 2018"]
[Site "Reykjavik ISL"]
[Date "2018.03.06"]
[Round "1.9"]
[White "Yilmaz, Mustafa"]
[Black "Shailesh, Dravid"]
[Result "1-0"]
[WhiteTitle "GM"]
[BlackTitle "FM"]
[WhiteElo "2619"]
[BlackElo "2246"]
[WhiteFideId "6302718"]
[BlackFideId "25017969"]
[EventDate "2018.03.06"]

1. Nf3 Nf6 2. c4 g6 3. Nc3 Bg7 4. e4 d6 5. d4 O-O 6. Be2 Na6 7. O-O e5 8. Be3
exd4 9. Nxd4 Re8 10. f3 c6 11. Qd2 Qe7 12. Rad1 Nc7 13. Bg5 Ne6 14. Nxe6 Bxe6
15. c5 d5 16. e5 Qxc5+ 17. Be3 Qe7 18. exf6 Bxf6 19. Rfe1 c5 20. Bf2 Red8 21.
Bf1 Qf8 22. Qf4 Be7 23. Nb5 Rac8 24. Nc7 Rd6 25. Nxe6 fxe6 26. Qa4 a6 27. Bg3
Rdc6 28. Be5 b5 29. Qc2 c4 30. Bd4 Bf6 31. f4 Bxd4+ 32. Rxd4 Qc5 33. Qf2 b4 34.
Rd2 Qxf2+ 35. Kxf2 a5 36. Ke3 Kf7 37. Kd4 c3 38. bxc3 Rxc3 39. Bd3 R8c6 40. Rde2
Kf6 41. Bb5 Rd6 42. Re3 Rc2 43. R1e2 Rc1 44. g3 Rd1+ 45. Rd3 Rc1 46. Ba4 h6 47.
Rc2 Rxc2 48. Bxc2 Rc6 49. Bb3 Rc1 50. Rd1 Rc3 51. Rd2 g5 52. fxg5+ hxg5 53. Rf2+
Ke7 54. Rc2 Rf3 55. Re2 Kd6 56. Rxe6+ Kxe6 57. Bxd5+ Kd6 58. Bxf3 a4 59. Bd1 1-0

[Event "Reykjavik Open 2018"]
[Site "Reykjavik ISL"]
[Date "2018.03.06"]
[Round "1.10"]
[White "Ragnarsson, Dagur"]
[Black "Landa, Konstantin"]
[Result "1/2-1/2"]
[WhiteTitle "FM"]
[BlackTitle "GM"]
[WhiteElo "2236"]
[BlackElo "2613"]
[WhiteFideId "2304058"]
[BlackFideId "4101685"]
[EventDate "2018.03.06"]

1. d4 Nf6 2. c4 e6 3. Nc3 Bb4 4. a3 Bxc3+ 5. bxc3 O-O 6. e3 b6 7. Bd3 Bb7 8. f3
Nc6 9. Ne2 Na5 10. e4 Ne8 11. Ng3 c5 12. O-O cxd4 13. cxd4 Rc8 14. f4 Nxc4 15.
f5 f6 16. Rf4 Ned6 17. Rh4 exf5 18. Qh5 h6 19. Nxf5 Nxf5 20. Qxf5 Nd6 21. Qh3
Nf7 22. Bd2 Qe7 23. Bb4 d6 24. Qf5 Ng5 25. Rf4 Qe6 26. Re1 a5 27. Bd2 d5 28. h4
Qxf5 29. exf5 Ne4 30. Bxe4 dxe4 31. Rb1 e3 32. Bxe3 Rc3 33. Rxb6 Ba8 34. Bd2
Rxa3 35. Rg4 h5 36. Rg6 Be4 37. Kh2 Bxf5 38. Rg3 Ra2 39. Bc3 Be4 40. Rb5 a4 41.
Rxh5 Rc8 42. Ra5 Rc2 43. Ba1 Ra8 44. Rb5 Ra7 45. Bb2 Kf7 46. Ba3 Rb7 47. Ra5 Rc4
48. Bc5 Rb2 49. Ra7+ Bb7 50. Ba3 Rb1 51. Re3 Kg6 52. Re7 Rc3 53. Bd6 Rcb3 54.
h5+ Kh6 55. Bf4+ g5 56. hxg6+ Kxg6 57. d5 R1b2 58. Bc1 Rc2 59. Rexb7 Rxb7 60.
Rxb7 Rxc1 61. Ra7 Rc4 62. d6 Rd4 63. d7 Kf5 64. Rxa4 Rxd7 1/2-1/2

[Event "Reykjavik Open 2018"]
[Site "Reykjavik ISL"]
[Date "2018.03.06"]
[Round "1.11"]
[White "Can, Emre"]
[Black "Lorscheid, Gerhard"]
[Result "1-0"]
[WhiteTitle "GM"]
[BlackTitle "FM"]
[WhiteElo "2603"]
[BlackElo "2228"]
[WhiteFideId "6302181"]
[BlackFideId "4606000"]
[EventDate "2018.03.06"]

1. d4 d6 2. Nf3 Nf6 3. c4 Nbd7 4. Nc3 e5 5. e4 Be7 6. Be2 c6 7. O-O a6 8. d5
cxd5 9. cxd5 b5 10. b4 Nb6 11. Be3 Bd7 12. Rc1 Qb8 13. Nd2 O-O 14. f4 exf4 15.
Bxf4 Rc8 16. Nb3 Nc4 17. Kh1 Qb6 18. Qe1 a5 19. Bxc4 axb4 20. Nxb5 Bxb5 21. Qxb4
Rxc4 22. Rxc4 Qa6 23. Rfc1 Bxc4 24. Qxc4 Bf8 25. Bg5 Qxc4 26. Rxc4 Rxa2 27. Bxf6
gxf6 28. g3 Re2 29. Kg1 Bh6 30. Kf1 Re3 31. Rc8+ Kg7 32. Nd4 Rxe4 33. Nf5+ Kg6
34. Nxd6 1-0

[Event "Reykjavik Open 2018"]
[Site "Reykjavik ISL"]
[Date "2018.03.06"]
[Round "1.12"]
[White "Heimisson, Hilmir Freyr"]
[Black "Lenderman, Aleksandr"]
[Result "0-1"]
[WhiteTitle "CM"]
[BlackTitle "GM"]
[WhiteElo "2224"]
[BlackElo "2600"]
[WhiteFideId "2309998"]
[BlackFideId "2021285"]
[EventDate "2018.03.06"]

1. d4 e6 2. Nf3 c5 3. c4 cxd4 4. Nxd4 Nf6 5. Nc3 Nc6 6. g3 Qb6 7. Nc2 Ne5 8. b3
Nfg4 9. e3 Qc6 10. e4 Bc5 11. Be3 Nxe3 12. Nxe3 Bb4 13. Rc1 Qxe4 14. Bg2 Qd3 15.
Qd2 g5 16. Ned1 Qxd2+ 17. Kxd2 d6 18. Nb2 f5 19. Nd3 Nxd3 20. Kxd3 Kf7 21. h3 h5
22. Rcd1 Ke7 23. Rhe1 Kf6 24. Re2 Rb8 25. Kc2 Bd7 26. Nb5 Bxb5 27. cxb5 d5 28.
Kb2 Rbc8 29. Rd3 Rhd8 30. Bf3 g4 31. Bg2 gxh3 32. Bxh3 d4 33. f4 Rc3 34. Red2
Rc5 35. Rd1 Rdc8 36. a4 Rc2+ 37. Kb1 Rh2 38. Rxd4 Bc3 39. R4d3 Rxh3 40. Rc1 h4
41. Rdxc3 Rxc3 42. Rxc3 hxg3 43. Ka2 g2 0-1

[Event "Reykjavik Open 2018"]
[Site "Reykjavik ISL"]
[Date "2018.03.06"]
[Round "1.13"]
[White "Lagarde, Maxime"]
[Black "Roe, Simon J"]
[Result "1-0"]
[WhiteTitle "GM"]
[WhiteElo "2587"]
[BlackElo "2221"]
[WhiteFideId "662399"]
[BlackFideId "401471"]
[EventDate "2018.03.06"]

1. Nf3 c5 2. e4 e6 3. d4 cxd4 4. Nxd4 a6 5. c4 Nf6 6. Nc3 Qc7 7. Be2 Bb4 8. O-O
Bxc3 9. bxc3 Nxe4 10. Qd3 Nc5 11. Qe3 O-O 12. Ba3 d6 13. f4 Nbd7 14. Rad1 Nf6
15. Bf3 Rb8 16. Rd2 Re8 17. Nb3 b6 18. Rfd1 e5 19. Rxd6 exf4 20. Qxf4 Be6 21.
Qd4 Nxb3 22. axb3 b5 23. Rxa6 Rbc8 24. Ra7 Qd8 25. Qxd8 Rexd8 26. Rxd8+ Rxd8 27.
cxb5 Bxb3 28. b6 1-0

[Event "Reykjavik Open 2018"]
[Site "Reykjavik ISL"]
[Date "2018.03.06"]
[Round "1.14"]
[White "Edvardsson, Kristjan"]
[Black "Grigoriants, Sergey"]
[Result "1/2-1/2"]
[BlackTitle "GM"]
[WhiteElo "2217"]
[BlackElo "2568"]
[WhiteFideId "2300893"]
[BlackFideId "4130804"]
[EventDate "2018.03.06"]

1. d4 Nf6 2. c4 g6 3. Nc3 d5 4. Nf3 Bg7 5. Bg5 Ne4 6. cxd5 Nxg5 7. Nxg5 e6 8.
Nf3 exd5 9. e3 a5 10. Be2 O-O 11. O-O c6 12. a3 Nd7 13. Ne1 Nb6 14. Nd3 Nc4 15.
b3 Nd6 16. b4 Qg5 17. Kh1 Bf5 18. b5 Rfc8 19. bxc6 bxc6 20. Na4 Rab8 21. Ndc5 h5
22. Rc1 h4 23. h3 Bf8 24. Qe1 Qd8 25. Ba6 Rc7 26. Qxa5 Ra8 27. Qb6 Rb8 28. Qa5
Ra8 29. Qb6 Rb8 30. Qa5 Ra8 1/2-1/2

[Event "Reykjavik Open 2018"]
[Site "Reykjavik ISL"]
[Date "2018.03.06"]
[Round "1.15"]
[White "Ramirez, Alejandro"]
[Black "Birkisson, Bardur Orn"]
[Result "1-0"]
[WhiteTitle "GM"]
[BlackTitle "CM"]
[WhiteElo "2568"]
[BlackElo "2212"]
[WhiteFideId "6500617"]
[BlackFideId "2310597"]
[EventDate "2018.03.06"]

1. Nf3 d5 2. c4 e6 3. b3 Nf6 4. g3 Be7 5. Bg2 O-O 6. O-O c5 7. Bb2 Nc6 8. e3 d4
9. exd4 cxd4 10. Re1 Re8 11. d3 Bf8 12. Na3 e5 13. Nc2 Bg4 14. h3 Bh5 15. g4 Bg6
16. Nh4 Nd7 17. Nxg6 hxg6 18. Qd2 a5 19. f4 Bd6 20. fxe5 Ndxe5 21. Rad1 Qh4 22.
Qf2 Qxf2+ 23. Kxf2 f5 24. Bd5+ Kh7 25. Kg2 Nb4 26. Nxb4 axb4 27. Bxd4 Nxd3 28.
Rxe8 Nf4+ 29. Kf3 Rxe8 30. Bxb7 Ne6 31. Bf2 Bb8 32. h4 fxg4+ 33. Kxg4 Rf8 34.
Be3 Nd8 35. Bd5 Nf7 36. Bxf7 Rxf7 37. Rd5 Ba7 38. Bxa7 Rxa7 39. Rd2 Ra5 40. Rc2 1-0

[Event "Reykjavik Open 2018"]
[Site "Reykjavik ISL"]
[Date "2018.03.06"]
[Round "1.16"]
[White "Nebolsina, Vera"]
[Black "Friedel, Joshua"]
[Result "0-1"]
[WhiteTitle "WGM"]
[BlackTitle "GM"]
[WhiteElo "2211"]
[BlackElo "2562"]
[WhiteFideId "4163591"]
[BlackFideId "2017199"]
[EventDate "2018.03.06"]

1. e4 e5 2. Nf3 Nc6 3. Nc3 Nf6 4. d4 exd4 5. Nxd4 Bc5 6. Nxc6 bxc6 7. Bd3 d6 8.
Bg5 h6 9. Bh4 Rb8 10. O-O g5 11. Bg3 h5 12. e5 h4 13. exf6 hxg3 14. Ne4 gxf2+
15. Kh1 Bd4 16. Qe2 Be6 17. Rxf2 Bxf2 18. Qxf2 Rxb2 19. Qxa7 g4 20. Re1 Rxa2 21.
Qd4 Ra5 22. Ng3 Kd7 23. Bc4 Qg8 24. Bxe6+ fxe6 25. f7 Qh7 26. Nf1 Rf5 27. Kg1
Rxf7 28. Qxg4 Qf5 29. Qg3 Qxc2 30. Ne3 Qe4 31. Ng4 Qd4+ 32. Kh1 Qf4 0-1

[Event "Reykjavik Open 2018"]
[Site "Reykjavik ISL"]
[Date "2018.03.06"]
[Round "1.17"]
[White "Vaibhav, Suri"]
[Black "Johannsson, Orn Leo"]
[Result "1-0"]
[WhiteTitle "GM"]
[WhiteElo "2544"]
[BlackElo "2206"]
[WhiteFideId "5045185"]
[BlackFideId "2303051"]
[EventDate "2018.03.06"]

1. d4 c5 2. d5 e5 3. c4 d6 4. e4 Nf6 5. Nc3 Be7 6. Nf3 Nbd7 7. Be2 Nf8 8. g3 Ng6
9. h4 h5 10. a3 a6 11. b4 b6 12. Rb1 Bg4 13. Nh2 Bxe2 14. Qxe2 Qc7 15. bxc5 bxc5
16. O-O Nd7 17. Bd2 f6 18. Rb3 Kf7 19. Rfb1 Rab8 20. Rxb8 Nxb8 21. Qd1 Nd7 22.
Qa4 Ra8 23. Qd1 Rb8 24. Rxb8 Qxb8 25. Qxh5 Qb3 26. f4 exf4 27. gxf4 Qxc4 28. Nf1
Bd8 29. f5 Ba5 30. fxg6+ Ke7 31. Qe2 Qd4+ 32. Qe3 Ne5 33. Qxd4 cxd4 34. Nb1 Bb6
35. h5 1-0

[Event "Reykjavik Open 2018"]
[Site "Reykjavik ISL"]
[Date "2018.03.06"]
[Round "1.18"]
[White "Loew, Gerald"]
[Black "Brunello, Sabino"]
[Result "0-1"]
[WhiteTitle "FM"]
[BlackTitle "GM"]
[WhiteElo "2204"]
[BlackElo "2542"]
[WhiteFideId "4615875"]
[BlackFideId "813613"]
[EventDate "2018.03.06"]

1. c4 e5 2. Nc3 Nf6 3. Nf3 Nc6 4. e3 Bb4 5. Qc2 O-O 6. Nd5 Bc5 7. a3 a5 8. b3 d6
9. Ng5 g6 10. Nxf6+ Qxf6 11. Ne4 Qe7 12. Nxc5 dxc5 13. d3 Bf5 14. Bb2 Rad8 15.
O-O-O Rd6 16. Be2 g5 17. g4 Bg6 18. Bf3 Rfd8 19. Bd5 Rxd5 20. cxd5 Rxd5 21. Qc4
Qd6 22. e4 Rd4 23. Bxd4 Nxd4 24. Kb2 b6 25. b4 cxb4 26. axb4 axb4 27. f4 gxf4
28. h4 h5 29. gxh5 Bxh5 30. Rdg1+ Kf8 31. Rg5 Be2 32. Ra1 Ne6 33. Ra8+ Ke7 34.
Rgg8 Bxd3 35. Qd5 Qxd5 36. exd5 Nd4 37. h5 Nf5 38. Ra7 f3 39. Rxc7+ Kd6 40. Rc1
e4 41. h6 Nxh6 42. Rc6+ Kxd5 43. Rxh6 f2 44. Rd8+ Ke5 45. Rh5+ Ke6 46. Rh1 f1=Q
47. Rxf1 Bxf1 48. Rd4 Ke5 49. Rxb4 b5 50. Kc3 Bc4 51. Rb1 e3 52. Rh1 f5 53. Rh4
f4 54. Rh8 f3 55. Re8+ Kf4 56. Kd4 e2 0-1

[Event "Reykjavik Open 2018"]
[Site "Reykjavik ISL"]
[Date "2018.03.06"]
[Round "1.19"]
[White "Moradiabadi, Elshan"]
[Black "Bergsson, Stefan"]
[Result "1-0"]
[WhiteTitle "GM"]
[WhiteElo "2535"]
[BlackElo "2201"]
[WhiteFideId "12501255"]
[BlackFideId "2301393"]
[EventDate "2018.03.06"]

1. d4 Nf6 2. Nf3 g6 3. c4 Bg7 4. g3 O-O 5. Bg2 d6 6. O-O Nc6 7. Nc3 a6 8. Bf4
Rb8 9. Rc1 Nh5 10. Be3 b5 11. Nd5 b4 12. Qd2 e6 13. Nf4 Nf6 14. d5 exd5 15. cxd5
Ne7 16. Rc4 Nf5 17. Nd4 Nxe3 18. Qxe3 Ng4 19. Qd2 Qf6 20. h3 Ne5 21. Rxc7 h5 22.
Nc6 Nxc6 23. dxc6 Qd8 24. Ra7 Rb5 25. Rd1 Qa5 26. Qxd6 Qxa2 27. Bd5 Rxd5 28.
Qxd5 Qxb2 29. Nxg6 Be6 30. Ne7+ Kh7 31. Qxh5+ Bh6 32. Nf5 Bxf5 33. Rxf7+ 1-0

[Event "Reykjavik Open 2018"]
[Site "Reykjavik ISL"]
[Date "2018.03.06"]
[Round "1.20"]
[White "Laustsen, Lars"]
[Black "Nihal, Sarin"]
[Result "0-1"]
[BlackTitle "IM"]
[WhiteElo "2201"]
[BlackElo "2534"]
[WhiteFideId "1407554"]
[BlackFideId "25092340"]
[EventDate "2018.03.06"]

1. d4 e6 2. c4 b6 3. e4 Bb7 4. Bd3 Nc6 5. Nf3 Nb4 6. O-O Nxd3 7. Qxd3 d6 8. Nc3
g6 9. d5 Bg7 10. dxe6 fxe6 11. Bg5 Ne7 12. Rad1 O-O 13. Nd4 Qd7 14. Qh3 Bc8 15.
Qh4 Nc6 16. Nxc6 Qxc6 17. Rd3 Rf7 18. b3 Bb7 19. f3 a6 20. Kh1 b5 21. cxb5 axb5
22. Rc1 b4 23. Ne2 Qb5 24. Rd2 d5 25. exd5 exd5 26. Nd4 Qb6 27. Be3 Re8 28. Qf2
c5 29. Ne2 d4 30. Bg5 h6 31. Bh4 g5 32. Bg3 h5 33. Rdc2 d3 34. Rxc5 dxe2 35.
Rxg5 Qxf2 36. Bxf2 Rd7 0-1

[Event "Reykjavik Open 2018"]
[Site "Reykjavik ISL"]
[Date "2018.03.06"]
[Round "1.21"]
[White "Stefansson, Hannes"]
[Black "Ptacnikova, Lenka"]
[Result "1-0"]
[WhiteTitle "GM"]
[BlackTitle "WGM"]
[WhiteElo "2533"]
[BlackElo "2200"]
[WhiteFideId "2300087"]
[BlackFideId "305650"]
[EventDate "2018.03.06"]

1. e4 d5 2. exd5 Qxd5 3. Nc3 Qd6 4. d4 Nf6 5. Nf3 c6 6. h3 Bf5 7. Ne5 Nfd7 8.
Nc4 Qc7 9. Qf3 Bg6 10. Bf4 Qc8 11. d5 Na6 12. Qe3 1-0

[Event "Reykjavik Open 2018"]
[Site "Reykjavik ISL"]
[Date "2018.03.06"]
[Round "1.22"]
[White "Giacomini, Hector"]
[Black "Abdusattorov, Nodirbek"]
[Result "0-1"]
[BlackTitle "IM"]
[WhiteElo "2193"]
[BlackElo "2518"]
[WhiteFideId "605352"]
[BlackFideId "14204118"]
[EventDate "2018.03.06"]

1. Nf3 Nf6 2. e3 g6 3. d4 Bg7 4. c4 d6 5. Nc3 O-O 6. Be2 Nbd7 7. O-O e5 8. Qc2
Qe7 9. b3 Re8 10. Ba3 e4 11. Nd2 c5 12. dxc5 dxc5 13. Rfd1 b6 14. Bb2 Bb7 15.
Nf1 h5 16. Nb5 Red8 17. Rd2 a6 18. Nc3 h4 19. h3 Nf8 20. Rad1 N8h7 21. Na4 Ng5
22. Rxd8+ Rxd8 23. Nxb6 Rd6 24. Nd5 Nxd5 25. cxd5 Bxb2 26. Qxb2 Bxd5 27. Nh2 Ne6
28. Ng4 Nc7 29. Qc3 f5 30. Ne5 Re6 31. Nc4 g5 32. Qa5 Rg6 33. Nb6 Bc6 34. Qc3 g4
35. hxg4 fxg4 36. Qd2 g3 37. Qd8+ Qxd8 38. Rxd8+ Kg7 39. Rc8 Nb5 40. Nc4 Nc3 41.
Bh5 Rf6 42. fxg3 hxg3 43. a4 Kh6 44. Rh8+ Kg5 45. Ne5 Rf2 46. Nxc6 Rb2 47. Rg8+
Kxh5 48. Rxg3 Ne2+ 49. Kh2 Nxg3 50. Kxg3 Kg5 51. Na5 Kf5 52. Kh3 c4 53. g4+ Kg5
54. bxc4 Rb4 55. c5 Rxa4 56. Nc6 Ra3 57. Ne7 Rxe3+ 58. Kg2 Rc3 59. c6 a5 0-1

[Event "Reykjavik Open 2018"]
[Site "Reykjavik ISL"]
[Date "2018.03.06"]
[Round "1.23"]
[White "Hjartarson, Johann"]
[Black "Seyb, Dieter"]
[Result "1/2-1/2"]
[WhiteTitle "GM"]
[BlackTitle "FM"]
[WhiteElo "2513"]
[BlackElo "2192"]
[WhiteFideId "2300044"]
[BlackFideId "4603346"]
[EventDate "2018.03.06"]

1. d4 e6 2. c4 b6 3. Nc3 Bb7 4. Nf3 f5 5. g3 Nf6 6. Bg2 Bb4 7. Qb3 Qe7 8. O-O
O-O 9. Nb5 d5 10. Bf4 Bd6 11. Rfc1 Bxf4 12. gxf4 c6 13. Nc3 Nbd7 14. e3 Rfc8 15.
a4 c5 16. cxd5 Nxd5 17. a5 c4 18. Qa3 Qxa3 19. Rxa3 Nxc3 20. Raxc3 b5 21. Ng5
Bd5 22. b3 h6 23. Nh3 Rab8 24. Bxd5 exd5 25. b4 Nf6 26. f3 Re8 27. Kf2 Re6 28.
Rg1 Rbe8 29. Ke2 Nd7 30. Kf2 a6 31. Rb1 Kf7 32. Ng1 g5 33. Ne2 Nf6 34. Ng3 Kg6
35. Rg1 g4 36. h3 h5 37. Ra3 R6e7 38. Nf1 Kf7 39. Ng3 Kg6 40. Ne2 Kf7 41. Ng3 1/2-1/2

[Event "Reykjavik Open 2018"]
[Site "Reykjavik ISL"]
[Date "2018.03.06"]
[Round "1.24"]
[White "Maxion, Dirk"]
[Black "Perelshteyn, Eugene"]
[Result "0-1"]
[WhiteTitle "FM"]
[BlackTitle "GM"]
[WhiteElo "2187"]
[BlackElo "2513"]
[WhiteFideId "4601777"]
[BlackFideId "2012529"]
[EventDate "2018.03.06"]

1. e4 c5 2. Nf3 g6 3. d4 Bg7 4. d5 Nf6 5. Nc3 O-O 6. Be2 b5 7. e5 Ng4 8. Bf4 b4
9. Ne4 d6 10. exd6 exd6 11. O-O Nf6 12. Bg5 Re8 13. Nfd2 h6 14. Bxf6 Bxf6 15.
Bb5 Rf8 16. Nc4 Be7 17. Qd2 g5 18. a3 bxa3 19. Rxa3 a6 20. Ba4 Ra7 21. Rb3 Rb7
22. h4 Rxb3 23. cxb3 f5 24. Ng3 f4 25. Ne4 gxh4 26. Kh2 Rf5 27. Re1 Rf8 28. b4
cxb4 29. Qxb4 Bf5 30. f3 Nd7 31. Qb7 Nf6 32. Nxf6+ Bxf6 33. Qxa6 Bd3 34. b3 Bd4
35. Qxd6 Qg5 36. Qe6+ Kh8 37. Qg4 Qxg4 38. fxg4 Bf2 39. Re6 Bg3+ 40. Kh3 f3 41.
gxf3 Bf1# 0-1